I am Malala (Record no. 284744)
[ view plain ]
| 000 -LEADER | |
|---|---|
| fixed length control field | 02524nim a22004818i 4500 |
| 001 - CONTROL NUMBER | |
| control field | blz00009690 |
| 003 - CONTROL NUMBER IDENTIFIER | |
| control field | CtWfDGI |
| 005 - DATE AND TIME OF LATEST TRANSACTION | |
| control field | 20210428133953.0 |
| 007 - PHYSICAL DESCRIPTION FIXED FIELD--GENERAL INFORMATION | |
| fixed length control field | sd fsngnnmmned |
| 008 - FIXED-LENGTH DATA ELEMENTS--GENERAL INFORMATION | |
| fixed length control field | 140402t20142014orunnnnj a n eng d |
| 020 ## - INTERNATIONAL STANDARD BOOK NUMBER | |
| International Standard Book Number | 9781478902300 (library ed.) |
| 028 01 - PUBLISHER NUMBER | |
| Publisher number | Z9690 |
| Source | Blackstone Audio |
| 040 ## - CATALOGING SOURCE | |
| Original cataloging agency | CtWfDGI |
| Language of cataloging | eng |
| Description conventions | rda |
| Transcribing agency | CtWfDGI |
| 043 ## - GEOGRAPHIC AREA CODE | |
| Geographic area code | a-pk--- |
| 050 14 - LIBRARY OF CONGRESS CALL NUMBER | |
| Classification number | LC2330 |
| Item number | .Y68 2014d |
| 082 04 - DEWEY DECIMAL CLASSIFICATION NUMBER | |
| Classification number | 954.9122092 |
| Edition number | 23 |
| 092 ## - LOCALLY ASSIGNED DEWEY CALL NUMBER (OCLC) | |
| Classification number | 92 |
| 098 14 - OTHER CLASSIFICATION SCHEMES (OCLC) | |
| Call number based on other classification scheme | ZS |
| -- | YOUS |
| -- | IAM |
| -- | B 690 |
| 100 1# - MAIN ENTRY--PERSONAL NAME | |
| Personal name | Yousafzai, Malala, |
| Dates associated with a name | 1997- |
| Relator term | author. |
| 9 (RLIN) | 5696243 |
| 245 10 - TITLE STATEMENT | |
| Title | I am Malala |
| Medium | [sound recording] : |
| Remainder of title | how one girl stood up for education and changed the world / |
| Statement of responsibility, etc | by Malala Yousafzai, with Patricia McCormick. |
| 250 ## - EDITION STATEMENT | |
| Edition statement | Young readers edition, unabridged. |
| 264 #1 - Production, Publication, Distribution, Manufacture, and Copyright Notice. | |
| Place of production, publication, distribution, manufacture | [Ashland, Oregon] : |
| Name of producer, publisher, distributor, manufacturer | Blackstone Audio, Inc. ; |
| Place of production, publication, distribution, manufacture | New York, NY : |
| Name of producer, publisher, distributor, manufacturer | Hachette Audio, |
| Date of production, publication, distribution, manufacture, or copyr | [2014] |
| 264 #4 - Production, Publication, Distribution, Manufacture, and Copyright Notice. | |
| Date of production, publication, distribution, manufacture, or copyr | ℗2014 |
| 300 ## - PHYSICAL DESCRIPTION | |
| Extent | audio discs ( hr.) : |
| Other physical details | digital, CD audio ; |
| Dimensions | 4 3/4 in. |
| 336 ## - Content Type | |
| Content type term | spoken word |
| 337 ## - Media type | |
| Media type term | audio |
| 338 ## - Carrier type | |
| Carrier type term | audio disc |
| 500 ## - GENERAL NOTE | |
| General note | IN PROCESS RECORD. |
| 500 ## - GENERAL NOTE | |
| General note | Compact discs. |
| 500 ## - GENERAL NOTE | |
| General note | "Tracks every 3 minutes for easy bookmarking"--Container. |
| 520 ## - SUMMARY, ETC. | |
| Summary, etc | I Am Malala is the memoir of a remarkable teenage girl who risked her life for the right to go to school. Raised in a changing Pakistan by an enlightened father from a poor background and a beautiful, illiterate mother from a political family, Malala was taught to stand up for what she believes. I Am Malala tells her story of bravery and determination in the face of extremism, detailing the daily challenges of growing up in a world transformed by terror. Written for her peers with critically acclaimed author Patricia McCormick, this important book is about the value of speaking out against intolerance and hate. It's a message of hope from one girl who dreams of education for every girl in every country. |
| 600 10 - SUBJECT ADDED ENTRY--PERSONAL NAME | |
| Personal name | Yousafzai, Malala, |
| Dates associated with a name | 1997- |
| 9 (RLIN) | 5696243 |
| 650 #0 - SUBJECT ADDED ENTRY--TOPICAL TERM | |
| Topical term or geographic name as entry element | Young women |
| General subdivision | Education |
| Geographic subdivision | Pakistan |
| -- | Swāt District |
| Form subdivision | Biography. |
| 9 (RLIN) | 6415306 |
| 650 #0 - SUBJECT ADDED ENTRY--TOPICAL TERM | |
| Topical term or geographic name as entry element | Young women |
| General subdivision | Crimes against |
| Geographic subdivision | Pakistan |
| -- | Swāt District |
| Form subdivision | Biography. |
| 9 (RLIN) | 6415307 |
| 650 #0 - SUBJECT ADDED ENTRY--TOPICAL TERM | |
| Topical term or geographic name as entry element | Children's rights |
| Geographic subdivision | Pakistan. |
| 9 (RLIN) | 5724369 |
| 655 #7 - INDEX TERM--GENRE/FORM | |
| Genre/form data or focus term | Audiobooks. |
| Source of term | lcgft |
| 9 (RLIN) | 5891874 |
| 700 1# - ADDED ENTRY--PERSONAL NAME | |
| Personal name | McCormick, Patricia. |
| 9 (RLIN) | 5891875 |
| 710 2# - ADDED ENTRY--CORPORATE NAME | |
| Corporate name or jurisdiction name as entry element | Hachette Audio (Firm) |
| 9 (RLIN) | 5695220 |
| 710 2# - ADDED ENTRY--CORPORATE NAME | |
| Corporate name or jurisdiction name as entry element | Blackstone Audio, Inc., |
| Relator term | publisher. |
| 9 (RLIN) | 5686062 |
| 942 ## - ADDED ENTRY ELEMENTS (KOHA) | |
| Koha item type | CD |
| Source of classification or shelving scheme | Dewey Decimal Classification |
| 945 ## - LOCAL PROCESSING INFORMATION (OCLC) | |
| c | (OCoLC)0879328483 |
| 948 ## - LOCAL PROCESSING INFORMATION (OCLC); SERIES PART DESIGNATOR (RLIN) | |
| Series part designator, SPT (RLIN) | 09/29/2014 |
| b (OCLC) | 12/17/2014 |
| z (OCLC) | Sirsi |
| Withdrawn status | Lost status | Source of classification or shelving scheme | Materials specified (bound volume or other part) | Damaged status | Not for loan | Collection code | Home library | Current library | Shelving location | Date acquired | Source of acquisition | Cost, normal purchase price | Total Checkouts | Total Renewals | Full call number | Barcode | Checked out | Date last seen | Date checked out | Cost, replacement price | Price effective from | Koha item type |
|---|---|---|---|---|---|---|---|---|---|---|---|---|---|---|---|---|---|---|---|---|---|---|
| Dewey Decimal Classification | .CIRCNOTE. 4 discs | Junior Audiobooks | Wasatch County Library | Wasatch County Library | Main Floor Junior Area | 09/29/2014 | Blackstone | 44.99 | 35 | 7 | J CD 92 You | 34301001194101 | 05/01/2026 | 03/05/2026 | 03/05/2026 | 44.99 | 03/20/2020 | Audiobook on CD |
